Les préfectures de France qui finissent par le son "An" - Statistiques

Statistiques générales
  • Ce quiz a été pris 41 fois
  • Le résultat moyen est 6 sur 10
Statistiques - réponses
Hint Réponse % Correct
O Orléans
80%
R Rouen
80%
C Caen
78%
P Perpignan
70%
L Laon
68%
L Le Mans
60%
M Montauban
55%
C Clermont-Ferrand
53%
M Mont-de-Marsan
53%
S Sedan
35%
Aucun quiz correspondant
Distribution des résultats
% des personnes avec chaque résultat
Percentile par nombre de réponses
Votre historique - résultats
Vous n’avez pas pris ce quiz